|
|
|
|
| LEADER |
01522nam a2200397 a 4500 |
| 001 |
EBC7103717 |
| 003 |
MiAaPQ |
| 005 |
20200520144314.0 |
| 006 |
m o d | |
| 007 |
cr cnu|||||||| |
| 008 |
130124s2013 enkab ob 001 0 eng d |
| 020 |
|
|
|a 9781118485934 (electronic bk.)
|
| 020 |
|
|
|z 9780470659298 (hardback)
|
| 020 |
|
|
|z 9780470659304 (pbk.)
|
| 035 |
|
|
|a (MiAaPQ)EBC7103717
|
| 035 |
|
|
|a (Au-PeEL)EBL7103717
|
| 035 |
|
|
|a (OCoLC)1347024586
|
| 040 |
|
|
|a MiAaPQ
|b eng
|e rda
|e pn
|c MiAaPQ
|d MiAaPQ
|
| 050 |
|
4 |
|a HD49
|b .S45 2013
|
| 082 |
0 |
|
|a 658.4056
|2 23
|
| 100 |
1 |
|
|a Sellnow, Timothy L.
|
| 245 |
1 |
0 |
|a Theorizing crisis communication
|h [electronic resource] /
|c Timothy L. Sellnow and Matthew W. Seeger.
|
| 260 |
|
|
|a Chichester, West Sussex :
|b Wiley-Blackwell,
|c 2013.
|
| 300 |
|
|
|a vii, 272 p. :
|b ill, col. map.
|
| 440 |
|
0 |
|a Foundations of communication theory
|
| 504 |
|
|
|a Includes bibliographical references and index.
|
| 590 |
|
|
|a Electronic reproduction. Ann Arbor, MI : ProQuest, 2018. Available via World Wide Web. Access may be limited to ProQuest affiliated libraries.
|
| 650 |
|
0 |
|a Communication in management.
|
| 650 |
|
0 |
|a Communication in organizations.
|
| 650 |
|
0 |
|a Crisis management.
|
| 650 |
|
0 |
|a Emergency management.
|
| 655 |
|
4 |
|a Electronic books.
|
| 700 |
1 |
|
|a Seeger, Matthew W.
|q (Matthew Wayne),
|d 1957-
|
| 710 |
2 |
|
|a ProQuest (Firm)
|
| 797 |
2 |
|
|a ProQuest (Firm)
|
| 856 |
4 |
0 |
|u https://ebookcentral.proquest.com/lib/matrademy/detail.action?docID=7103717
|z Click to View
|